000 00716nam a22001817a 4500
999 _c195297
_d195297
005 20230316152417.0
020 _a9789386041074
_c295.00
037 _adpl
_bScholastic
082 _aS
100 1 _aThea, Stilton.
245 1 4 _aMouseford academy:The Mysterious Love Letter /
_cby Thea Stilton ; [illustrations by Giuseppe Facciotto ... et al.].
260 _aNew York :
_bScholastic
_c2016
270 _a557 Broadway
_bNew York
_eNY 10012
300 _a111p.:
_bcol. ill.,
_c20cm(pb)
490 _aMouseford academy- 1
942 _2ddc
_cCH
_hS
_mSTI